International Routes from NSCB International Airport (CCU) - Statistics

General Stats
  • This quiz has been taken 15 times
  • The average score is 23 of 26
Answer Stats
Airline Interational Route Country % Correct
Qatar Airways Doha Qatar
100%
Emirates Dubai UAE
100%
Flydubai Dubai UAE
100%
IndiGo Singapore Singapore
100%
Singapore Airlines Singapore Singapore
100%
Air Arabia Abu Dhabi UAE
92%
Etihad Airways Abu Dhabi UAE
92%
Bhutan Airlines Bangkok Thailand
92%
IndiGo Bangkok Thailand
92%
SpiceJet Bangkok Thailand
92%
Thai Air Asia Bangkok Thailand
92%
Thai Airways International Bangkok Thailand
92%
Thai Lion Air Bangkok Thailand
92%
Biman Bangladesh Airlines Dhaka Bangladesh
92%
IndiGo Dhaka Bangladesh
92%
US Bangla Airlines Dhaka Bangladesh
92%
IndiGo Hanoi Vietnam
92%
Air Asia Kuala Lumpur Malaysia
92%
Malaysia Airlines Kuala Lumpur Malaysia
92%
IndiGo Phuket Thailand
92%
Thai Air Asia Phuket Thailand
92%
Myanmar Airways International Yangon Myanmar
92%
Bhutan Airlines Paro Bhutan
67%
Drukair Paro Bhutan
67%
Bhutan Airlines Ho Chin Minh City Vietnam
33%
IndiGo Ho Chin Minh City Vietnam
33%
No matching quizzes found
Score Distribution
Percent of People with Each Score
Percentile by Number Answered
Your Score History
You have not taken this quiz